Países da América do Norte - Statistics

Estatísticas Gerais
  • Esse quiz foi jogado 90 569 vezes
  • A pontuação média é 17 de 23
Respostas no mapa
Respostas codificadas por cores de uma escala verde-vermelha no mapa do quiz de acordo com a % correta abaixo.
 
Estatísticas das Respostas
País % Correto
Canadá
99%
Estados Unidos
99%
México
99%
Cuba
90%
Panamá
86%
Jamaica
82%
Costa Rica
81%
Honduras
81%
Haiti
80%
El Salvador
79%
Guatemala
78%
Nicaragua
78%
Bahamas
77%
Belize
73%
República Dominicana
73%
Barbados
66%
Trinidad e Tobago
63%
Domínica
61%
Antígua e Barbuda
59%
Santa Lúcia
59%
Granada
57%
São Vicente e Granadinas
53%
São Cristóvão e Nevis
52%
Nenhum quiz correspondente encontrado
Distribuição das Pontuações
Porcentagem de Pessoas com Cada Pontuação
Percentil de Números Respondidos
Sua Pontuação Histórica
Você não jogou esse quiz